Význam predĺženia širokorozchodnej železničnej trate pre rozvoj slovensko-ruskej spolupráce

Charakteristika širokorozchodnej trate. Hlavné ciele a význam projektu. Zhodnotenie projektu z pohľadu SR.

Uložené v:
Podrobná bibliografia
Hlavný autor: Gavaľová, Viera
Ďalší autori: Drieniková, Kristína, 1982-
Médium: Kapitola
Jazyk:Slovak
Predmet:
Tagy: Pridať tag
Žiadne tagy, Buďte prvý, kto otaguje tento záznam!

MARC

LEADER 00000naa$a2200000$$$4500
001 0113136
005 20240711110132.1
041 0 |a slo 
044 |a SK 
245 1 0 |a Význam predĺženia širokorozchodnej železničnej trate pre rozvoj slovensko-ruskej spolupráce  |c Viera Gavaľová, Kristína Drieniková 
520 |a Charakteristika širokorozchodnej trate. Hlavné ciele a význam projektu. Zhodnotenie projektu z pohľadu SR. 
610 2 0 |a spolupráca hospodárska medzinárodná 
610 2 0 |a Slovensko 
610 2 0 |a Rusko 
610 2 0 |a siete dopravné 
610 2 0 |a siete železničné 
610 2 0 |a doprava železničná nákladná 
610 2 0 |a centrá logistické 
610 2 0 |a projekty investičné 
100 1 |a Gavaľová, Viera 
700 1 |a Drieniková, Kristína, 1982-